[Event "European School-ch 2019"]
[Site "Mamaia"]
[Date "2019.06.04"]
[Round "5.12"]
[White "Silich, Yahor"]
[Black "Nastore, Pavel-Alexandru"]
[Result "1-0"]
[WhiteElo "2082"]
[BlackElo "1942"]
[Annotator "NA RC"]
[PlyCount "49"]
[EventDate "2019.05.31"]
[EventType "swiss"]
[EventCountry "ROU"]
[SourceTitle "playchess.com"]
[Source "ChessBase"]
[SourceQuality "1"]
[TimeControl "40/5400+30:1800+30"]

1. e4 {[%emt 0:00:00]} c5 {[%emt 0:00:00]} 2. Nf3 {[%emt 0:00:01]} d6 {[%emt 0:00:00]} 3. Bb5+ {[%emt 0:00:29]} Nd7 {[%emt 0:00:00]} 4. d4 {[%emt 0:00:09]} cxd4 {[%emt 0:00:00]} 5. Qxd4 {[%emt 0:00:39]} a6 {[%emt 0:00:00]} 6. Bxd7+ {[%emt 0:00:12]} Bxd7 {[%emt 0:00:00]} 7. Bg5 {[%emt 0:00:16]} Rc8 {[%emt 0:04:42]} 8. O-O {[%emt 0:02:25]} Bb5 {[%emt 0:09:36]} 9. Re1 {[%emt 0:04:44]} h6 {[%emt 0:01:39]} 10. Bh4 {[%emt 0:01:49]} Rc4 {[%emt 0:01:05]} 11. Qd5 {[%emt 0:12:04]} g5 {[%emt 0:11:29]} 12. a4 {[%emt 0:03:46]} Rc5 {[%emt 0:33:34]} 13. Qxb7 {[%emt 0:01:23]} Rc7 {[%emt 0:00:02]} 14. Qb6 {[%emt 0:08:33]} Bd7 {[%emt 0:00:13]} 15. Bg3 {[%emt 0:05:03]} Rxc2 {[%emt 0:06:04]} 16. Qd4 {[%emt 0:00:41]} e5 {[%emt 0:08:10]} 17. Nxe5 {[%emt 0:07:38]} dxe5 {[%emt 0:03:09]} 18. Qxe5+ {[%emt 0:00:19]} Be7 {[%emt 0:00:22]} 19. Qxh8 {[%emt 0:00:51]} Kf8 {[%emt 0:00:03]} 20. Nc3 {[%emt 0:01:09]} Be6 {[%emt 0:01:47]} 21. Rad1 {[%emt 0:01:26]} Qb6 {[%emt 0:01:06]} 22. Qe5 {[%emt 0:03:00]} Rxb2 {[%emt 0:03:31]} 23. Nd5 {[%emt 0:00:52]} Bxd5 {[%emt 0:01:19]} 24. exd5 {[%emt 0:00:04]} f6 {[%emt 0:03:07]} 25. Qe6 {[%emt 0:01:31]} 1-0

[Event "European School-ch 2019"]
[Site "Mamaia"]
[Date "2019.06.04"]
[Round "5.13"]
[White "Tashev, Aleksandar"]
[Black "Baranciuc, Alexandr"]
[Result "1/2-1/2"]
[WhiteElo "2119"]
[BlackElo "1900"]
[Annotator "TA"]
[PlyCount "42"]
[EventDate "2019.05.31"]
[EventType "swiss"]
[EventCountry "ROU"]
[SourceTitle "playchess.com"]
[Source "ChessBase"]
[SourceQuality "1"]

{[%evp 13,42,11,-4,0,78,19,24,22,30,-3,25,20,80,66,100,84,99,76,67,-45,-44,-61,-58,-55,0,-1346,-188,-1343,-1325,-29983,-548]} 1. d4 Nf6 2. Nf3 g6 3. Bg5 Bg7 4. Nbd2 O-O 5. e4 d6 6. c3 c5 7. dxc5 dxc5 8. Bc4 {A48: 1 d4 Nf6 2 Nf3 g6: Torre, London and Colle Systems} Bg4 (8... Nc6 $11 {keeps the balance.}) (8... Nc6 9. Qe2 Qc7 10. O-O h6 11. Bxf6 Bxf6 12. Qe3 Bg7 13. Qxc5 b6 14. Qe3 Bb7 15. Rfd1 e6 16. Be2 Rfd8 17. Nf1 a6 18. h4 b5 19. N1h2 Rxd1+ 20. Rxd1 {1-0 (35) Harikrishna,P (2744)-Duda,J (2717) Riadh 2017}) 9. Qc2 ({Better is} 9. h3 $16 Bxf3 10. Qxf3) 9... Nc6 $11 10. O-O {White has an edge.} Qc7 11. Bh4 $146 ({Predecessor:} 11. h3 Bxf3 12. Nxf3 Nd7 13. Rad1 Nde5 14. Nxe5 Nxe5 15. Qb3 a6 16. Bf4 {½-½ (16) Kommer,B-Stange,S Leiden 2000}) 11... Bxf3 12. Nxf3 Qf4 (12... a6 $11) 13. Rfe1 $16 Ne5 14. Nxe5 Qxh4 15. Qb3 {[#] aiming for g3.} e6 16. Qxb7 (16. g3 $14 Qh5 17. f4) 16... Rab8 $36 {[%mdl 2048] Black is pushing.} 17. Qxa7 {Strongly threatening Re2.} Rxb2 18. Nd3 Ng4 ({Black should try} 18... Rc2 $15 19. Qe7 Rxc3) 19. Nxb2 $4 {[%mdl 8192]} (19. h3 $11 Nxf2 20. Nxb2 Bxc3 21. Qxc5 Nxh3+ 22. gxh3 Qg3+ 23. Kf1 Bxb2 24. Rad1 Qxh3+ 25. Kg1 Qg3+ 26. Kh1 Qh3+ 27. Kg1 Qg3+ 28. Kf1 Qh3+ 29. Kf2 Qh4+ 30. Kg2 Qg4+ 31. Kh2) 19... Qxf2+ $19 20. Kh1 {[#] Hoping for Nd3.} Qf4 {[%csl Gg4][%cal Rf4h2]} 21. Kg1 Qxh2+ {[%mdl 32768] Accuracy: White = 24%, Black = 37%. . An unexpected result.} 1/2-1/2

[Event "European School-ch 2019"]
[Site "Mamaia"]
[Date "2019.06.04"]
[Round "5.14"]
[White "Kanli, Alperen"]
[Black "Simonyan, Grigori"]
[Result "0-1"]
[WhiteElo "1790"]
[BlackElo "2019"]
[Annotator "NA RC"]
[PlyCount "67"]
[EventDate "2019.05.31"]
[EventType "swiss"]
[EventCountry "ROU"]
[SourceTitle "playchess.com"]
[Source "ChessBase"]
[SourceQuality "1"]
[TimeControl "40/5400+30:1800+30"]

1. e4 {[%emt 0:00:00]} c5 {[%emt 0:00:00]} 2. Nf3 {[%emt 0:00:00]} Nc6 {[%emt 0:00:00]} 3. d4 {[%emt 0:00:00]} cxd4 {[%emt 0:00:00]} 4. Nxd4 {[%emt 0:00:00]} Nf6 {[%emt 0:00:24]} 5. Nc3 {[%emt 0:00:11]} g6 {[%emt 0:01:19]} 6. Be3 {[%emt 0:01:12]} Bg7 {[%emt 0:01:21]} 7. Nxc6 {[%emt 0:00:24]} bxc6 {[%emt 0:00:05]} 8. e5 {[%emt 0:00:03]} Ng8 {[%emt 0:00:06]} 9. Bd4 {[%emt 0:00:04]} Nh6 {[%emt 0:00:16]} 10. g4 {[%emt 0:21:51]} O-O {[%emt 0:13:58]} 11. h3 {[%emt 0:02:22]} Qa5 {[%emt 0:13:53]} 12. Qd2 {[%emt 0:03:52]} Bxe5 {[%emt 0:14:47]} 13. Be3 {[%emt 0:00:29]} Qb4 {[%emt 0:00:05]} 14. Qc1 {[%emt 0:11:30]} d5 {[%emt 0:13:55]} 15. a3 {[%emt 0:08:35]} Bxc3+ {[%emt 0:00:53]} 16. bxc3 {[%emt 0:00:05]} Qxc3+ {[%emt 0:07:43]} 17. Kd1 {[%emt 0:11:02]} f6 {[%emt 0:05:19]} 18. Be2 {[%emt 0:09:40]} Nf7 {[%emt 0:00:05]} 19. Rb1 {[%emt 0:00:02]} Qa5 {[%emt 0:00:25]} 20. h4 {[%emt 0:01:19]} d4 {[%emt 0:01:25]} 21. Bd2 {[%emt 0:00:12]} Qd5 {[%emt 0:00:05]} 22. Rg1 {[%emt 0:01:13]} Nd6 {[%emt 0:01:38]} 23. Rb3 {[%emt 0:00:48]} e5 {[%emt 0:00:26]} 24. h5 {[%emt 0:00:57]} g5 {[%emt 0:01:03]} 25. h6 {[%emt 0:01:12]} e4 {[%emt 0:01:01]} 26. c4 {[%emt 0:01:06]} Qc5 {[%emt 0:01:59]} 27. Bb4 {[%emt 0:11:06]} Qe5 {[%emt 0:00:04]} 28. f3 {[%emt 0:03:23]} c5 {[%emt 0:00:19]} 29. Be1 {[%emt 0:01:07]} Qh2 {[%emt 0:01:11]} 30. Rg3 {[%emt 0:02:26]} Bd7 {[%emt 0:00:33]} 31. Rb1 {[%emt 0:04:00]} Ba4+ {[%emt 0:00:27]} 32. Kd2 {[%emt 0:00:00]} e3+ {[%emt 0:00:19]} 33. Kd3 {[%emt 0:00:08]} Be8 {[%emt 0:00:20]} 34. Bd2 0-1

[Event "European School-ch 2019"]
[Site "Mamaia"]
[Date "2019.06.04"]
[Round "5.15"]
[White "Tarhan, Adar"]
[Black "Dobre, Radu-Fabian"]
[Result "0-1"]
[WhiteElo "1964"]
[BlackElo "1978"]
[Annotator "NA RC"]
[PlyCount "130"]
[EventDate "2019.05.31"]
[EventType "swiss"]
[EventCountry "ROU"]
[SourceTitle "playchess.com"]
[Source "ChessBase"]
[SourceQuality "1"]
[TimeControl "40/5400+30:1800+30"]

1. e4 {[%emt 0:00:00]} e5 {[%emt 0:00:00]} 2. Nf3 {[%emt 0:00:00]} Nc6 {[%emt 0:00:00]} 3. Bc4 {[%emt 0:02:02]} Bc5 {[%emt 0:00:00]} 4. c3 {[%emt 0:00:04]} Nf6 {[%emt 0:00:00]} 5. d3 {[%emt 0:00:04]} a6 {[%emt 0:00:07]} 6. a4 {[%emt 0:00:14]} Ba7 {[%emt 0:00:11]} 7. O-O {[%emt 0:00:31]} d6 {[%emt 0:00:21]} 8. Nbd2 {[%emt 0:01:38]} O-O {[%emt 0:00:08]} 9. h3 {[%emt 0:00:33]} Ne7 {[%emt 0:00:17]} 10. Re1 {[%emt 0:01:10]} Ng6 {[%emt 0:00:20]} 11. Nf1 {[%emt 0:00:11]} h6 {[%emt 0:00:06]} 12. Ng3 {[%emt 0:00:16]} b5 {[%emt 0:05:46]} 13. Bb3 {[%emt 0:00:47]} Bb7 {[%emt 0:00:04]} 14. Nf5 {[%emt 0:10:16]} Kh7 {[%emt 0:15:43]} 15. Qd2 {[%emt 0:10:19]} Ng8 {[%emt 0:00:56]} 16. Qe2 {[%emt 0:03:42]} Bb6 {[%emt 0:05:56]} 17. axb5 {[%emt 0:01:31]} axb5 {[%emt 0:00:49]} 18. Rxa8 {[%emt 0:00:08]} Bxa8 {[%emt 0:00:23]} 19. h4 {[%emt 0:10:59]} Nf6 {[%emt 0:17:38]} 20. g3 {[%emt 0:05:26]} Ne7 {[%emt 0:02:20]} 21. Ng5+ {[%emt 0:11:12]} Kg8 {[%emt 0:05:37]} 22. Nxe7+ {[%emt 0:02:20]} Qxe7 {[%emt 0:00:09]} 23. Nh3 {[%emt 0:00:27]} Re8 {[%emt 0:00:57]} 24. Kg2 {[%emt 0:03:23]} d5 {[%emt 0:00:47]} 25. f3 {[%emt 0:02:11]} c5 {[%emt 0:12:49]} 26. Bc2 {[%emt 0:06:16]} Bc6 {[%emt 0:01:30]} 27. Nf2 {[%emt 0:00:34]} Qb7 {[%emt 0:07:37]} 28. c4 {[%emt 0:08:12]} bxc4 {[%emt 0:05:54]} 29. exd5 {[%emt 0:02:05]} Nxd5 {[%emt 0:02:41]} 30. dxc4 {[%emt 0:00:17]} Nf6 {[%emt 0:02:28]} 31. Bd2 {[%emt 0:05:42]} Bc7 {[%emt 0:00:36]} 32. Bc3 {[%emt 0:00:21]} Nd7 {[%emt 0:01:26]} 33. Qd3 {[%emt 0:00:57]} Nf8 {[%emt 0:00:08]} 34. Qe3 {[%emt 0:04:04]} Ne6 {[%emt 0:00:31]} 35. Ne4 {[%emt 0:00:39]} Nd4 {[%emt 0:00:48]} 36. Nxc5 {[%emt 0:00:43]} Nxc2 {[%emt 0:00:16]} 37. Nxb7 {[%emt 0:00:11]} Nxe3+ {[%emt 0:00:06]} 38. Rxe3 {[%emt 0:00:03]} Bxb7 {[%emt 0:00:07]} 39. b4 {[%emt 0:00:19]} e4 {[%emt 0:00:42]} 40. f4 {[%emt 0:00:00]} Rd8 {[%emt 0:00:00]} 41. Kf2 {[%emt 0:01:00]} f5 {[%emt 0:01:19]} 42. c5 {[%emt 0:00:16]} Bc6 {[%emt 0:00:06]} 43. Be1 {[%emt 0:01:12]} Ra8 {[%emt 0:00:32]} 44. Rb3 {[%emt 0:00:06]} Ra2+ {[%emt 0:00:17]} 45. Ke3 {[%emt 0:00:06]} Bb5 {[%emt 0:00:24]} 46. Bd2 {[%emt 0:00:39]} Bd8 {[%emt 0:00:25]} 47. Rc3 {[%emt 0:00:16]} Bf6 {[%emt 0:00:12]} 48. Rb3 {[%emt 0:00:34]} Bc4 {[%emt 0:00:28]} 49. Rb1 {[%emt 0:00:12]} Ra3+ {[%emt 0:00:16]} 50. Kf2 {[%emt 0:00:04]} Bd4+ {[%emt 0:00:14]} 51. Kg2 {[%emt 0:00:33]} Ra2 {[%emt 0:00:09]} 52. c6 {[%emt 0:00:04]} Rxd2+ {[%emt 0:00:05]} 53. Kh3 {[%emt 0:00:02]} Bb6 {[%emt 0:00:16]} 54. Rc1 {[%emt 0:00:07]} Bb5 {[%emt 0:00:40]} 55. h5 {[%emt 0:00:08]} e3 {[%emt 0:00:27]} 56. g4 {[%emt 0:00:20]} e2 {[%emt 0:00:17]} 57. c7 {[%emt 0:00:13]} Bxc7 {[%emt 0:00:13]} 58. g5 {[%emt 0:00:19]} Rd3+ {[%emt 0:01:02]} 59. Kg2 {[%emt 0:00:35]} hxg5 {[%emt 0:00:25]} 60. h6 {[%emt 0:00:08]} gxh6 {[%emt 0:00:58]} 61. fxg5 {[%emt 0:00:42]} Rd1 {[%emt 0:00:18]} 62. Rxc7 {[%emt 0:00:04]} e1=Q {[%emt 0:00:07]} 63. Rc8+ {[%emt 0:00:04]} Kf7 {[%emt 0:00:19]} 64. g6+ {[%emt 0:00:05]} Kxg6 {[%emt 0:00:10]} 65. Rg8+ {[%emt 0:00:03]} Kf7 {[%emt 0:00:10]} 0-1

[Event "European School-ch 2019"]
[Site "Mamaia"]
[Date "2019.06.04"]
[Round "5.16"]
[White "Andreev, Konstantin"]
[Black "Nedelcu, Teodor-Cosmin"]
[Result "1-0"]
[WhiteElo "2276"]
[BlackElo "1954"]
[Annotator "TA"]
[PlyCount "79"]
[EventDate "2019.05.31"]
[EventType "swiss"]
[EventCountry "ROU"]
[SourceTitle "playchess.com"]
[Source "ChessBase"]
[SourceQuality "1"]

{[%evp 23,79,0,7,0,16,18,56,47,44,-3,0,-2,0,0,0,0,24,-5,-25,-28,0,-147,0,-88,0,-23,99,91,139,25,19,12,41,19,129,130,197,-41,-32,-129,-71,-97,-71,-122,133,149,118,133,260,-55,6,6,8,11,87,0,15,-225]} 1. Nf3 d5 2. c4 e6 3. e3 Nf6 4. b3 Be7 5. Bb2 b6 6. cxd5 exd5 7. Be2 Bb7 8. O-O O-O 9. Nc3 Nbd7 10. Rc1 Rc8 11. d4 c5 12. dxc5 bxc5 13. Qd3 {E14: Queen's Indian: Classical Variation (4 e3)} (13. Ne1 Nb6 14. Nd3 Re8 15. a4 a6 16. a5 Nbd7 17. Na4 Bd6 18. Bxf6 Qxf6 19. Bg4 Re6 20. Bxe6 fxe6 {0-1 (37) Henrichs,T (2423)-Dziuba,M (2574) Reykjavik 2019}) 13... Nb6 14. Rfd1 Qd7 15. Qb1 $146 {White is slightly better.} ({Predecessor:} 15. a4 Qe6 16. Ng5 Qe5 17. f4 Qb8 18. Nb5 Ne4 19. Be5 Qa8 20. Nc7 Rxc7 21. Bxc7 Nxg5 22. fxg5 {1-0 (39) Wacior,M (2090)-Januszkiewicz,W (1922) Szklarska Poreba 2016}) 15... a6 16. Rd2 Qc7 17. Rcd1 Rcd8 18. Ne1 Bd6 19. h3 h6 20. Nf3 Rfe8 21. Qa1 Bf8 22. Rc2 {[#]} (22. Qc1 $11) 22... Qd6 (22... d4 $1 $17 {[%mdl 512]} 23. Na4 (23. exd4 Bxf3) 23... Nxa4 24. bxa4 dxe3 25. Bxf6 exf2+ 26. Kxf2 gxf6 27. Rxd8 Qxd8) 23. Nh4 (23. Ne1 $11) 23... Qc6 (23... d4 $17 24. exd4 cxd4) 24. Bf3 Qe6 (24... Bc8 $11) 25. Ne2 $16 Be7 26. g4 (26. b4 $16) 26... g6 $1 $11 27. Nf4 Qc6 28. Nhg2 Bc8 (28... Ne4 $11 {remains equal.}) 29. Rdc1 $36 {[%mdl 2048] White is really pushing.} Ne4 (29... g5 $16 {keeps fighting.}) 30. Nd3 $2 (30. Bxe4 $18 dxe4 31. Bh8) 30... Ng5 $1 $15 {[%csl LRf3,LRh3][%mdl 64] Double Attack} 31. Be2 ({White should try} 31. Nge1 $15) 31... Nxh3+ ({Black should play} 31... d4 $1 {aiming for ...Bb7.} 32. Nxc5 Nxh3+ 33. Kh2 Nxf2 34. Bxd4 Nxg4+ 35. Bxg4 Bxg4 36. Nxa6 Bd6+ 37. Kg1 Qf3) 32. Kh2 $17 Ng5 33. Nxc5 {[#]} (33. Rxc5 $142 Bxc5 34. Rxc5 Qd6+ 35. Be5) 33... Bxc5 $2 {[%mdl 8192]} (33... d4 $1 $17 {[%cal Rd4e3][%mdl 512]} 34. Bxd4 Nf3+ 35. Kh1 (35. Bxf3 Qxf3 36. Nd3 Nd5 $17) 35... Rxd4 36. exd4 Bxg4) 34. Rxc5 $16 Qd6+ 35. f4 $1 {And now Rc6 would win.} Nc4 {[#]} (35... Rxe3 $16 36. Be5 Rxe5 37. Qxe5 (37. fxe5 Qb8 $14) 37... Qxe5 38. fxe5 Be6) 36. Bf6 $2 ({Not} 36. bxc4 Qxc5 37. cxd5 (37. fxg5 Rxe3 38. Rc2 Re4 $14) 37... Qxd5 $16) (36. Bh8 $1 $18 {[%csl Gh8][%cal Ra1g7][%mdl 512]} Ne6 37. Rxc8 Rxc8 38. bxc4) 36... Ne4 (36... Rxe3 $15 37. Rxc8 (37. Nxe3 $2 Qxf4+ {[%mdl 64] Double Attack} 38. Kh1 Qxe3 $19) 37... Rxc8) 37. Bxd8 $11 Nxc5 38. bxc4 {Black must now prevent Bf6.} Rxd8 {[#]} (38... Qxd8 $11 39. Qd4 {[%mdl 64] Double Attack} Ne6 40. Qxd5 Qe7) 39. Qd4 (39. cxd5 $1 $16 {Strongly threatening Qd4.} Bb7 40. Rd1) 39... dxc4 40. Qd1 $2 {[%mdl 32768] Accuracy: White = 31%, Black = 13%. . Loss on time!?} (40. Qxd6 $11 {and White stays safe.} Rxd6 41. Rxc4) 1-0

[Event "European School-ch 2019"]
[Site "Mamaia"]
[Date "2019.06.04"]
[Round "5.17"]
[White "Dias, Savin"]
[Black "Creanga, Robert-Ionut"]
[Result "1-0"]
[WhiteElo "1858"]
[BlackElo "2128"]
[Annotator "TA"]
[PlyCount "77"]
[EventDate "2019.05.31"]
[EventType "swiss"]
[EventCountry "ROU"]
[SourceTitle "playchess.com"]
[Source "ChessBase"]
[SourceQuality "1"]

{[%evp 13,77,0,6,-44,-52,-56,-53,-52,-43,-61,-27,-29,-30,-31,-18,-12,-2,-11,-15,-81,-69,-71,-20,-24,-22,-44,-48,-53,-51,-46,-7,-67,-70,-111,-90,-150,-141,-210,-118,-214,-208,-229,-237,-220,296,296,296,293,292,290,290,289,336,329,333,328,291,287,434,433,357,336,747,706,1411,1348]} 1. e4 d6 2. d4 Nf6 3. Nc3 g6 4. f4 Bg7 5. Nf3 O-O 6. Be2 c5 7. dxc5 Qa5 $1 {aiming for ...Nxe4.} 8. cxd6 {e5 is the strong threat. B09: Pirc Defence: Austrian Attack} (8. O-O {seems wilder.} Qxc5+ 9. Kh1 b6 10. e5 dxe5 11. fxe5 Ng4 12. Qd5) (8. O-O Qxc5+ 9. Kh1 Ng4 10. Qe1 Ne3 11. Bxe3 Qxe3 12. Bd3 Qxe1 13. Raxe1 Nc6 14. e5 dxe5 15. Nxe5 Nxe5 16. fxe5 Be6 17. Nb5 Rfc8 {0-1 (53) Potapov,P (2516)-Timofeev,A (2589) St Petersburg 2018}) 8... Nxe4 $1 9. dxe7 Re8 10. O-O {Black is slightly better.} Nxc3 11. bxc3 Qxc3 12. Rb1 Nc6 13. Rb3 Qc5+ 14. Kh1 Qxe7 15. Re3 $146 ({Predecessor:} 15. Bc4 Rd8 {1-0 (38) Kashlinskaya,A (2419)-Bodnaruk,A (2434) Vladivostok 2014}) 15... Qd8 16. Rxe8+ (16. Bc4 $11 {remains equal.}) 16... Qxe8 $17 17. Re1 Qf8 ({Black should try} 17... Be6 $17) 18. Bc4 $11 Bg4 19. Qd5 Rd8 20. Qe4 Bc3 21. Rf1 Kg7 22. Bd5 (22. h3 $11 Bxf3 23. Qxf3) 22... Qc5 $36 {[%mdl 2048] Black is more active.} 23. Bxc6 Bf5 24. Qe2 (24. Be3 $142 Bxe4 25. Bxc5 bxc6 26. Kg1) 24... Qxc6 $17 25. Ne5 (25. h3 $17) 25... Qc7 ({Black should play} 25... Qa4 $19 26. Ng4 Qxc2 27. Qxc2 Bxc2) 26. Nc4 {[#]} (26. h3 $17 {was called for.}) 26... Bxc2 $1 $19 {[%mdl 576] Strongly threatening ...Bd3. Deflection} 27. Qxc2 Qxc4 {[%cal Rc4f1]} 28. Rf3 {Threatens to win with h3.} Rc8 $4 {[%mdl 8192] [#]} (28... b5 $19 {White must now prevent ...Bf6.} 29. g3 b4) 29. Qxc3+ $1 $18 {[%mdl 576] Remove Defender} Qxc3 30. Rxc3 Rxc3 {[%cal Rc3c1][%mdl 4096] Endgame KR-KB} 31. Bb2 Kf6 32. Bxc3+ {KB-KP} Kf5 33. g3 Ke4 34. Kg2 Kd3 35. Bb4 Kc4 (35... Ke2 $142 36. Be7 b5) 36. a3 b6 37. Kf3 a5 $2 (37... f5 38. Ke3 a6) 38. Be7 b5 39. Ke4 {Accuracy: White = 53%, Black = 42%.} 1-0

[Event "European School-ch 2019"]
[Site "Mamaia"]
[Date "2019.06.04"]
[Round "5.18"]
[White "Trushko, Andrii"]
[Black "Levin, Guy"]
[Result "0-1"]
[WhiteElo "1813"]
[BlackElo "2054"]
[Annotator "NA RC"]
[PlyCount "102"]
[EventDate "2019.05.31"]
[EventType "swiss"]
[EventCountry "ROU"]
[SourceTitle "playchess.com"]
[Source "ChessBase"]
[SourceQuality "1"]
[TimeControl "40/5400+30:1800+30"]

1. Nf3 {[%emt 0:00:00]} Nf6 2. g3 {[%emt 0:00:00]} e6 {[%emt 0:00:00]} 3. Bg2 {[%emt 0:00:00]} d5 {[%emt 0:00:00]} 4. O-O {[%emt 0:00:02]} Be7 {[%emt 0:00:05]} 5. c4 {[%emt 0:00:04]} dxc4 {[%emt 0:00:25]} 6. Qa4+ {[%emt 0:00:05]} c6 {[%emt 0:00:09]} 7. Qxc4 {[%emt 0:00:04]} b5 {[%emt 0:00:07]} 8. Qc2 {[%emt 0:00:03]} Bb7 {[%emt 0:00:08]} 9. d4 {[%emt 0:00:04]} Nbd7 {[%emt 0:00:12]} 10. a4 {[%emt 0:00:05]} a6 {[%emt 0:06:19]} 11. Bg5 {[%emt 0:00:07]} Nd5 {[%emt 0:02:00]} 12. Bxe7 {[%emt 0:00:13]} Qxe7 {[%emt 0:00:14]} 13. axb5 {[%emt 0:01:42]} cxb5 {[%emt 0:00:20]} 14. Nc3 {[%emt 0:00:49]} Nxc3 {[%emt 0:00:27]} 15. Qxc3 {[%emt 0:00:09]} Rc8 {[%emt 0:00:43]} 16. Qd2 {[%emt 0:00:35]} O-O {[%emt 0:00:28]} 17. Ne1 {[%emt 0:09:59]} Nb6 {[%emt 0:02:38]} 18. b3 {[%emt 0:00:14]} Rfd8 {[%emt 0:09:27]} 19. Bxb7 {[%emt 0:03:32]} Qxb7 {[%emt 0:00:06]} 20. Nf3 {[%emt 0:00:06]} Nd5 {[%emt 0:02:38]} 21. Rfc1 {[%emt 0:00:43]} Rxc1+ {[%emt 0:11:37]} 22. Qxc1 {[%emt 0:00:18]} f6 {[%emt 0:14:42]} 23. Qa3 {[%emt 0:00:59]} Nc3 {[%emt 0:00:48]} 24. Qb2 {[%emt 0:14:09]} b4 {[%emt 0:01:12]} 25. Qc2 {[%emt 0:02:07]} Qb5 {[%emt 0:01:32]} 26. Kf1 {[%emt 0:02:04]} a5 {[%emt 0:00:51]} 27. Re1 {[%emt 0:07:33]} Qc6 {[%emt 0:06:25]} 28. Kg1 {[%emt 0:11:25]} Qa6 {[%emt 0:01:44]} 29. h4 {[%emt 0:03:20]} Rc8 {[%emt 0:02:10]} 30. Qd2 {[%emt 0:00:35]} Qc6 {[%emt 0:08:43]} 31. Ra1 {[%emt 0:07:50]} Qe4 {[%emt 0:03:05]} 32. Re1 {[%emt 0:02:15]} Nb5 {[%emt 0:02:04]} 33. Qd3 {[%emt 0:01:03]} Qxd3 {[%emt 0:01:04]} 34. exd3 {[%emt 0:00:05]} Rc3 {[%emt 0:01:45]} 35. Rxe6 {[%emt 0:00:46]} Rxd3 {[%emt 0:01:08]} 36. Re3 {[%emt 0:00:26]} Rd1+ {[%emt 0:00:52]} 37. Kg2 {[%emt 0:00:06]} Kf7 {[%emt 0:00:13]} 38. Re2 {[%emt 0:01:46]} Nxd4 {[%emt 0:01:32]} 39. Nxd4 {[%emt 0:00:05]} Rxd4 {[%emt 0:00:20]} 40. Rc2 {[%emt 0:00:00]} Rd5 {[%emt 0:00:00]} 41. Rc7+ {[%emt 0:00:19]} Kg6 {[%emt 0:01:44]} 42. Ra7 {[%emt 0:00:05]} h5 {[%emt 0:03:29]} 43. Ra8 {[%emt 0:01:03]} Kf5 {[%emt 0:00:25]} 44. Rh8 {[%emt 0:01:28]} Ke4 {[%emt 0:00:30]} 45. Rh7 {[%emt 0:00:21]} Kd3 46. Rxg7 {[%emt 0:00:07]} Kc3 {[%emt 0:00:46]} 47. f3 {[%emt 0:00:04]} Kxb3 {[%emt 0:00:46]} 48. g4 {[%emt 0:00:06]} a4 {[%emt 0:00:13]} 49. g5 {[%emt 0:00:06]} fxg5 {[%emt 0:00:08]} 50. hxg5 {[%emt 0:00:04]} a3 {[%emt 0:00:15]} 51. f4 {[%emt 0:00:06]} Ra5 {[%emt 0:01:45]} 0-1

[Event "European School-ch 2019"]
[Site "Mamaia"]
[Date "2019.06.04"]
[Round "5.19"]
[White "Gurel, Ediz"]
[Black "Durak, Can"]
[Result "1/2-1/2"]
[WhiteElo "1914"]
[BlackElo "1646"]
[Annotator "NA RC"]
[PlyCount "56"]
[EventDate "2019.05.31"]
[EventType "swiss"]
[EventCountry "ROU"]
[SourceTitle "playchess.com"]
[Source "ChessBase"]
[SourceQuality "1"]
[TimeControl "40/5400+30:1800+30"]

1. e4 {[%emt 0:00:00]} c5 {[%emt 0:00:00]} 2. Nf3 {[%emt 0:00:25]} Nc6 {[%emt 0:00:31]} 3. d4 {[%emt 0:00:37]} cxd4 {[%emt 0:00:31]} 4. Nxd4 {[%emt 0:00:12]} g6 {[%emt 0:00:26]} 5. c4 {[%emt 0:00:28]} Nf6 {[%emt 0:00:31]} 6. Nc3 {[%emt 0:00:31]} Nxd4 {[%emt 0:00:20]} 7. Qxd4 {[%emt 0:00:22]} d6 {[%emt 0:00:46]} 8. Be2 {[%emt 0:00:46]} Bg7 {[%emt 0:00:42]} 9. Be3 {[%emt 0:00:48]} O-O {[%emt 0:00:51]} 10. Qd2 {[%emt 0:00:23]} Be6 {[%emt 0:02:00]} 11. O-O {[%emt 0:01:54]} Qa5 {[%emt 0:02:26]} 12. f3 {[%emt 0:07:50]} Rfc8 {[%emt 0:00:54]} 13. b3 {[%emt 0:00:07]} a6 {[%emt 0:01:26]} 14. Rad1 {[%emt 0:07:23]} b5 {[%emt 0:01:52]} 15. Nd5 {[%emt 0:00:13]} Qxd2 {[%emt 0:00:18]} 16. Rxd2 {[%emt 0:00:10]} Nxd5 {[%emt 0:00:40]} 17. exd5 {[%emt 0:00:12]} Bd7 {[%emt 0:00:37]} 18. Rc1 {[%emt 0:02:58]} a5 {[%emt 0:04:28]} 19. Bd3 {[%emt 0:20:56]} a4 {[%emt 0:02:31]} 20. c5 {[%emt 0:03:25]} dxc5 {[%emt 0:03:11]} 21. Rxc5 {[%emt 0:00:08]} Bc3 {[%emt 0:02:03]} 22. Re2 {[%emt 0:01:27]} Bb4 {[%emt 0:07:04]} 23. Rxc8+ {[%emt 0:04:35]} Rxc8 {[%emt 0:00:22]} 24. Rc2 {[%emt 0:00:07]} Rxc2 {[%emt 0:03:55]} 25. Bxc2 {[%emt 0:00:05]} axb3 {[%emt 0:00:29]} 26. Bxb3 {[%emt 0:00:59]} Bf5 {[%emt 0:00:41]} 27. a4 {[%emt 0:01:44]} bxa4 {[%emt 0:00:24]} 28. Bxa4 {[%emt 0:00:06]} Bd3 {[%emt 0:00:38]} 1/2-1/2

[Event "European School-ch 2019"]
[Site "Mamaia"]
[Date "2019.06.04"]
[Round "5.20"]
[White "Sapocinic, Semion"]
[Black "Nemsadze, Daviti"]
[Result "1/2-1/2"]
[WhiteElo "1697"]
[BlackElo "1803"]
[Annotator "NA RC"]
[PlyCount "34"]
[EventDate "2019.05.31"]
[EventType "swiss"]
[EventCountry "ROU"]
[SourceTitle "playchess.com"]
[Source "ChessBase"]
[SourceQuality "1"]
[TimeControl "40/5400+30:1800+30"]

1. e4 {[%emt 0:00:00]} c5 {[%emt 0:00:00]} 2. Nf3 {[%emt 0:00:00]} d6 {[%emt 0:00:00]} 3. d4 {[%emt 0:00:00]} cxd4 {[%emt 0:00:00]} 4. Nxd4 {[%emt 0:00:00]} Nf6 {[%emt 0:00:00]} 5. Nc3 {[%emt 0:00:11]} Nc6 {[%emt 0:00:00]} 6. Bg5 {[%emt 0:00:46]} e6 {[%emt 0:00:00]} 7. Qd2 {[%emt 0:00:13]} a6 {[%emt 0:00:00]} 8. O-O-O {[%emt 0:00:32]} Bd7 {[%emt 0:00:00]} 9. f3 {[%emt 0:00:11]} h6 {[%emt 0:04:05]} 10. Be3 {[%emt 0:01:28]} Be7 {[%emt 0:02:47]} 11. g4 Qa5 {[%emt 0:30:10]} 12. Kb1 {[%emt 0:02:34]} Rc8 {[%emt 0:05:30]} 13. Nb3 {[%emt 0:04:52]} Qc7 {[%emt 0:04:30]} 14. h4 {[%emt 0:03:07]} b5 {[%emt 0:13:23]} 15. Bd3 {[%emt 0:02:35]} h5 {[%emt 0:16:27]} 16. g5 {[%emt 0:04:17]} Ng8 {[%emt 0:03:58]} 17. f4 {[%emt 0:01:44]} g6 {[%emt 0:05:19]} 1/2-1/2